00744nam a2200181 4500001000500000005001700005090002300022245004400045260004900089300001900138500008300157500003500240650003200275650004200307650003900349999001500388952015900403487320181127174320.000aBA Pol. Sci No. 2900aWomen in politics /bcStudent Work.h00a[Thimphu] :b[Royal Thimphu College],c2014. av pages.bce aStudent research project for BA Pol Sic :(Spring 2014); Dolma Roder, lecturer00aSpiral-bound xerographic copy. aCapstone Project.vxyz2 aWomen --Political activity.vxyz2 aWomen politiciansvxBhutan.yz2 c4052d4052 001040708STUDENT WORKaRTCLIBbRTCLIBcSTUDENT WORKh i7698l0oPOL SCI CAP No. 29STUDENT WORKp30008018r2018-11-27 00:00:00w2018-11-27ySTUDENT WO